[Event "Kragero Resort International 2022"]
[Site "Kragero"]
[Date "2022.02.26"]
[Round "8.6"]
[White "Stolp, Aleksander"]
[Black "Bjarnason, Snorri Vikanes"]
[Result "1/2-1/2"]
[WhiteElo "1680"]
[BlackElo "1606"]
[Annotator "NA"]
[PlyCount "167"]
[EventDate "2022.02.23"]
[EventType "swiss"]
[EventCountry "NOR"]
[SourceTitle "playchess.com"]
[Source "ChessBase"]
[SourceQuality "1"]
[TimeControl "5400+30"]

1. c4 {[%emt 0:00:23]} c5 {[%emt 0:00:16]} 2. g3 {[%emt 0:00:08]} Nf6 {[%emt 0:00:15]} 3. Bg2 {[%emt 0:00:04]} d5 {[%emt 0:00:06]} 4. cxd5 {[%emt 0:00:26]} Nxd5 {[%emt 0:00:05]} 5. Nc3 {[%emt 0:00:05]} Nc7 {[%emt 0:00:07]} 6. d3 {[%emt 0:00:20]} Nc6 {[%emt 0:00:17]} 7. Nf3 {[%emt 0:00:14]} e5 {[%emt 0:00:07]} 8. b3 {[%emt 0:00:27]} Be7 {[%emt 0:01:24]} 9. Bb2 {[%emt 0:00:06]} Be6 {[%emt 0:00:23]} 10. Rc1 {[%emt 0:00:42]} b6 {[%emt 0:02:52]} 11. h4 {[%emt 0:02:58]} f6 {[%emt 0:12:38]} 12. Qc2 {[%emt 0:02:36]} Qd7 {[%emt 0:02:13]} 13. Ne4 {[%emt 0:13:21]} Rc8 {[%emt 0:02:45]} 14. Qd2 {[%emt 0:03:30]} Nd5 {[%emt 0:01:15]} 15. Nc3 {[%emt 0:00:41]} O-O {[%emt 0:01:10]} 16. O-O {[%emt 0:01:39]} Rfd8 {[%emt 0:05:30]} 17. Rfd1 {[%emt 0:00:15]} h6 {[%emt 0:09:19]} 18. Kh2 {[%emt 0:04:55]} Kf7 {[%emt 0:21:41]} 19. Rg1 {[%emt 0:08:11]} g5 {[%emt 0:02:19]} 20. h5 {[%emt 0:00:12]} Nxc3 {[%emt 0:01:09]} 21. Qxc3 {[%emt 0:00:12]} Nd4 {[%emt 0:01:42]} 22. Qe1 {[%emt 0:02:32]} Bg4 {[%emt 0:00:40]} 23. Bxd4 {[%emt 0:01:06]} cxd4 {[%emt 0:00:13]} 24. Qd2 {[%emt 0:00:37]} Ba3 {[%emt 0:01:07]} 25. Rxc8 {[%emt 0:02:27]} Rxc8 {[%emt 0:06:11]} 26. e3 {[%emt 0:00:34]} Bxh5 {[%emt 0:01:38]} 27. exd4 {[%emt 0:01:41]} Bxf3 {[%emt 0:00:43]} 28. Bxf3 {[%emt 0:00:05]} Qxd4 {[%emt 0:00:21]} 29. Be4 {[%emt 0:01:00]} Qb2 {[%emt 0:06:54]} 30. Qxb2 {[%emt 0:00:17]} Bxb2 {[%emt 0:00:07]} 31. f3 {[%emt 0:00:16]} Bd4 {[%emt 0:01:16]} 32. Rg2 {[%emt 0:02:12]} h5 {[%emt 0:01:06]} 33. Bd5+ {[%emt 0:00:53]} Kg6 {[%emt 0:00:42]} 34. b4 {[%emt 0:01:51]} f5 {[%emt 0:02:10]} 35. g4 {[%emt 0:01:57]} Rh8 {[%emt 0:00:32]} 36. gxf5+ {[%emt 0:02:26]} Kxf5 {[%emt 0:03:09]} 37. b5 {[%emt 0:00:44]} Kf4 {[%emt 0:00:11]} 38. Rc2 {[%emt 0:00:26]} Bc5 {[%emt 0:02:09]} 39. Kg2 {[%emt 0:01:21]} g4 {[%emt 0:00:53]} 40. fxg4 {[%emt 0:00:28]} hxg4 {[%emt 0:00:12]} 41. Be6 {[%emt 0:00:48]} g3 {[%emt 0:00:21]} 42. Rc4+ {[%emt 0:00:21]} Bd4 {[%emt 0:00:15]} 43. Bh3 {[%emt 0:00:25]} Rh7 {[%emt 0:01:15]} 44. Rc8 {[%emt 0:01:44]} Bc5 {[%emt 0:03:08]} 45. Rd8 {[%emt 0:02:45]} Rg7 {[%emt 0:01:01]} 46. Rd7 {[%emt 0:00:13]} Rxd7 {[%emt 0:00:17]} 47. Bxd7 {[%emt 0:00:05]} Bf2 {[%emt 0:00:12]} 48. Be8 {[%emt 0:00:37]} Ke3 {[%emt 0:00:10]} 49. Bg6 {[%emt 0:00:10]} Kd4 {[%emt 0:00:18]} 50. Bf5 {[%emt 0:00:12]} Kc5 {[%emt 0:00:51]} 51. Bd7 {[%emt 0:02:32]} Kd4 {[%emt 0:00:26]} 52. Bf5 {[%emt 0:00:06]} Kc3 {[%emt 0:00:07]} 53. Bg6 {[%emt 0:00:06]} Kb4 {[%emt 0:00:11]} 54. Be8 {[%emt 0:00:08]} Ka4 {[%emt 0:00:11]} 55. Bd7 {[%emt 0:00:08]} Kb4 {[%emt 0:00:14]} 56. Be8 {[%emt 0:00:04]} Kc5 {[%emt 0:00:09]} 57. Bd7 {[%emt 0:00:06]} Kd6 {[%emt 0:00:07]} 58. Be8 {[%emt 0:00:16]} Ke7 {[%emt 0:00:11]} 59. Bc6 {[%emt 0:00:05]} Kd8 {[%emt 0:00:05]} 60. Be4 {[%emt 0:00:19]} Kd7 {[%emt 0:01:10]} 61. Bc6+ {[%emt 0:00:54]} Kd6 {[%emt 0:00:22]} 62. Be8 {[%emt 0:00:07]} Kc5 {[%emt 0:00:04]} 63. Bd7 {[%emt 0:00:14]} Kb4 {[%emt 0:00:05]} 64. Be8 {[%emt 0:00:07]} Ka5 {[%emt 0:00:04]} 65. Bd7 {[%emt 0:00:08]} a6 {[%emt 0:00:12]} 66. bxa6 {[%emt 0:01:12]} Kxa6 {[%emt 0:00:06]} 67. Be8 {[%emt 0:00:05]} b5 {[%emt 0:00:23]} 68. Bf7 {[%emt 0:00:09]} Kb6 {[%emt 0:00:15]} 69. Bb3 {[%emt 0:00:04]} Kc5 {[%emt 0:00:14]} 70. Bf7 {[%emt 0:00:14]} Kd4 {[%emt 0:01:12]} 71. Bg6 {[%emt 0:00:26]} Kc3 {[%emt 0:00:39]} 72. Bh7 {[%emt 0:00:09]} Kb2 {[%emt 0:02:52]} 73. Bg8 {[%emt 0:00:06]} b4 {[%emt 0:00:09]} 74. Bf7 {[%emt 0:00:09]} Kc3 {[%emt 0:00:07]} 75. Bg6 {[%emt 0:00:11]} Be1 {[%emt 0:00:22]} 76. Bh7 {[%emt 0:00:09]} Kb2 {[%emt 0:00:58]} 77. Bg8 {[%emt 0:00:05]} Kc3 {[%emt 0:00:19]} 78. Bh7 {[%emt 0:00:05]} b3 {[%emt 0:00:03]} 79. axb3 {[%emt 0:00:12]} Kxb3 {[%emt 0:00:06]} 80. Be4 {[%emt 0:00:06]} Bf2 {[%emt 0:00:09]} 81. Bh7 {[%emt 0:00:05]} Be1 {[%emt 0:00:06]} 82. Be4 {[%emt 0:00:04]} Bf2 {[%emt 0:00:04]} 83. Bh7 {[%emt 0:00:03]} Be1 {[%emt 0:00:07]} 84. Be4 {[%emt 0:00:07]} 1/2-1/2

[Event "Kragero Resort International 2022"]
[Site "Kragero"]
[Date "2022.02.26"]
[Round "8.7"]
[White "Gumularz, Szymon"]
[Black "Gharibyan, Mamikon"]
[Result "1/2-1/2"]
[WhiteElo "2539"]
[BlackElo "2479"]
[Annotator "TA"]
[PlyCount "114"]
[EventDate "2022.02.23"]
[EventType "swiss"]
[EventCountry "NOR"]
[SourceTitle "playchess.com"]
[Source "ChessBase"]
[SourceQuality "1"]

{[%evp 16,114,16,22,22,24,51,40,39,45,47,24,30,-2,0,0,0,0,0,-9,-4,-14,-18,-16,0,-11,25,35,32,39,49,49,50,42,43,58,62,66,66,11,44,39,45,45,45,47,51,53,70,79,80,85,133,143,117,0,0,0,0,0,0,0,6,0,23,5,56,50,66,0,0,0,0,0,0,0,0,0,0,0,0,0,0,0,0,0,0,0,0,0,0,0,0,0,0,0,0,0,0,0,106]} 1. c4 e6 2. Nc3 d5 3. d4 Nf6 4. cxd5 exd5 5. Bg5 {[%cal Bc1g5,Bg5h4,Bh4g3][%mdl 32]} c6 6. e3 h6 7. Bh4 Be7 8. Bd3 O-O 9. Qc2 Ne8 {D36: Queen's Gambit Declined: Exchange Variation: Main line (5 Bg5 c6 6 Qc2).} 10. Bg3 Nd6 $1 {[%mdl 4] now scores much better than the old 10...Bd6.} 11. Nge2 Re8 {White is slightly better.} 12. O-O Bf8 {[#]} 13. b4 $146 ({Predecessor:} 13. Bf4 Be6 14. f3 Nd7 15. Rad1 b5 16. e4 Rc8 17. e5 Nc4 18. b3 Ncb6 19. Qd2 {½-½ (70) Grischuk,A (2764)-Carlsen,M (2856) Warsaw 2021}) 13... Na6 14. Rab1 Nc4 15. Bxc4 dxc4 16. a3 Nc7 17. e4 a5 18. d5 axb4 19. axb4 cxd5 20. Rfd1 Bg4 21. f3 Bd7 22. Bxc7 Qxc7 23. Nxd5 Qc6 24. Nd4 Qg6 25. Qxc4 Bd6 26. Ne2 Rad8 27. Qd4 (27. g3 $14) 27... Ba4 {A strong pair of Bishops.} 28. Rd2 {[#] aiming for b5.} f5 {[%cal Rf5e4]} 29. Nec3 Bc6 30. Qc4 {And now Ne7+ would win.} Kh8 31. Rbd1 Qh5 32. h3 {[%cal Od5f4] Threatens to win with Nf4!} Qh4 {[#] To avoid Nf4} 33. Ne3 $1 Qf4 (33... Qg5 $142 34. Nxf5 (34. Rxd6 Qxe3+ 35. Kh1 Rxd6 $11) 34... Bh2+ 35. Kxh2 Rxd2 36. Rxd2 Qf4+ 37. Kh1 Qxd2) 34. Nxf5 $16 {Active counter play!} Bc5+ 35. bxc5 (35. Nd4 $16 Bb6 36. b5) 35... Rxd2 $11 36. Rxd2 Qxd2 37. Ne2 {[%cal Oc4f7]} Rf8 38. Kh2 h5 39. h4 Bd7 40. Nfg3 g6 (40... Bc6 $1 $11) 41. Qb3 Bc8 42. Qb6 ({White should play} 42. Qd5 $1 $14 Qxd5 43. exd5) 42... Kg7 $1 {The position is equal.} 43. Qc7+ Qd7 $1 44. Qe5+ Kh7 45. Nf4 {Hoping for Nh3.} Qd8 46. Nd5 Qxh4+ 47. Kg1 Kh6 48. Nf1 Qg5 49. Qc7 Bh3 {[%csl Gh3][%cal Rg5g2]} 50. Nfe3 Rxf3 51. Qb8 $1 {[%cal Rb8h8]} Kg7 {Inhibits Qh8+.} 52. Qxb7+ Rf7 53. Qb2+ Kh7 54. c6 $1 h4 55. c7 Qg3 (55... Bc8 $11 56. Qb8 Rf8) 56. Nf5 $16 {Really sharp!} Bxf5 57. exf5 Qe1+ {Weighted Error Value: White=0.07 (flawless) /Black=0.07 (flawless)} 1/2-1/2

[Event "Kragero Resort International 2022"]
[Site "Kragero"]
[Date "2022.02.26"]
[Round "8.7"]
[White "Omarsson, Adam"]
[Black "Strand, Amund Pihl"]
[Result "0-1"]
[WhiteElo "1546"]
[BlackElo "1748"]
[Annotator "NA"]
[PlyCount "74"]
[EventDate "2022.02.23"]
[EventType "swiss"]
[EventCountry "NOR"]
[SourceTitle "playchess.com"]
[Source "ChessBase"]
[SourceQuality "1"]
[TimeControl "5400+30"]

1. d4 {[%emt 0:00:02]} Nf6 {[%emt 0:03:16]} 2. c4 {[%emt 0:00:25]} c5 {[%emt 0:00:09]} 3. d5 {[%emt 0:00:45]} e6 {[%emt 0:00:09]} 4. Nc3 {[%emt 0:01:09]} exd5 {[%emt 0:00:08]} 5. cxd5 {[%emt 0:01:06]} d6 {[%emt 0:00:08]} 6. e4 {[%emt 0:01:02]} g6 {[%emt 0:00:08]} 7. h3 {[%emt 0:00:51]} Bg7 {[%emt 0:00:59]} 8. Nf3 {[%emt 0:01:19]} O-O {[%emt 0:00:12]} 9. Be2 {[%emt 0:00:54]} Re8 {[%emt 0:06:54]} 10. Nd2 {[%emt 0:00:52]} Nbd7 {[%emt 0:01:34]} 11. O-O {[%emt 0:01:27]} a6 {[%emt 0:02:38]} 12. a4 {[%emt 0:01:07]} Rb8 {[%emt 0:00:46]} 13. a5 {[%emt 0:01:32]} b5 {[%emt 0:02:46]} 14. axb6 {[%emt 0:00:51]} Rxb6 {[%emt 0:00:08]} 15. Nc4 {[%emt 0:00:14]} Rb4 {[%emt 0:02:27]} 16. Nxd6 {[%emt 0:00:54]} Nxe4 {[%emt 0:01:48]} 17. Ndxe4 {[%emt 0:00:02]} Rexe4 {[%emt 0:00:32]} 18. Nxe4 {[%emt 0:00:07]} Rxe4 {[%emt 0:00:38]} 19. Ra4 {[%emt 0:08:47]} Bd4 {[%emt 0:09:51]} 20. Bf3 {[%emt 0:00:55]} Rh4 {[%emt 0:01:50]} 21. Re1 {[%emt 0:10:59]} Nb6 {[%emt 0:13:03]} 22. Ra1 {[%emt 0:00:00]} Kg7 {[%emt 0:18:29]} 23. d6 {[%emt 0:00:00]} Qxd6 {[%emt 0:02:40]} 24. Be3 {[%emt 0:00:00]} Nc4 {[%emt 0:02:39]} 25. Bxd4+ {[%emt 0:00:00]} Rxd4 {[%emt 0:02:25]} 26. Qe2 {[%emt 0:00:00]} Be6 {[%emt 0:06:49]} 27. Rad1 {[%emt 0:00:00]} Qb6 {[%emt 0:03:58]} 28. Rxd4 {[%emt 0:00:00]} cxd4 {[%emt 0:06:26]} 29. Rc1 {[%emt 0:04:11]} Qb3 {[%emt 0:00:00]} 30. Qd1 Qxb2 {[%emt 0:02:14]} 31. Rc2 {[%emt 0:00:00]} Qb6 {[%emt 0:00:00]} 32. Qd3 {[%emt 0:02:05]} Ne5 {[%emt 0:00:00]} 33. Qe4 Nxf3+ {[%emt 0:01:48]} 34. Qxf3 {[%emt 0:00:00]} Qb1+ {[%emt 0:00:12]} 35. Kh2 {[%emt 0:00:00]} Qxc2 {[%emt 0:00:00]} 36. Qf4 {[%emt 0:00:00]} Qc5 {[%emt 0:01:05]} 37. Qd2 {[%emt 0:00:17]} a5 {[%emt 0:00:00]} 0-1

[Event "Kragero Resort International 2022"]
[Site "Kragero"]
[Date "2022.02.26"]
[Round "8.8"]
[White "Digernes, Mikael"]
[Black "Alvanjyan, Aida"]
[Result "0-1"]
[WhiteElo "1723"]
[BlackElo "1566"]
[Annotator "NA"]
[PlyCount "64"]
[EventDate "2022.02.23"]
[EventType "swiss"]
[EventCountry "NOR"]
[SourceTitle "playchess.com"]
[Source "ChessBase"]
[SourceQuality "1"]
[TimeControl "5400+30"]

1. e4 {[%emt 0:01:36]} e6 {[%emt 0:00:15]} 2. d4 {[%emt 0:01:06]} d5 {[%emt 0:00:04]} 3. exd5 {[%emt 0:00:09]} exd5 {[%emt 0:00:04]} 4. Nf3 {[%emt 0:00:14]} Bd6 {[%emt 0:00:12]} 5. c3 {[%emt 0:00:20]} Ne7 {[%emt 0:00:10]} 6. Bd3 {[%emt 0:00:10]} Bf5 {[%emt 0:00:15]} 7. O-O {[%emt 0:00:42]} O-O {[%emt 0:00:14]} 8. Re1 {[%emt 0:00:34]} Bg6 {[%emt 0:02:40]} 9. Bxg6 {[%emt 0:02:19]} Nxg6 {[%emt 0:02:28]} 10. Qb3 {[%emt 0:01:17]} b6 {[%emt 0:06:44]} 11. Nbd2 {[%emt 0:03:32]} Nc6 {[%emt 0:06:16]} 12. Nf1 {[%emt 0:02:07]} Nce7 {[%emt 0:03:08]} 13. Ng3 {[%emt 0:02:40]} Qd7 {[%emt 0:05:45]} 14. Bg5 {[%emt 0:09:45]} Rfe8 {[%emt 0:05:43]} 15. Qc2 {[%emt 0:06:01]} Rac8 {[%emt 0:03:59]} 16. Bxe7 {[%emt 0:09:02]} Bxe7 {[%emt 0:02:12]} 17. Nf5 {[%emt 0:03:29]} Bf6 {[%emt 0:02:09]} 18. Ne3 {[%emt 0:02:57]} Ne7 {[%emt 0:09:02]} 19. h3 {[%emt 0:03:08]} g6 {[%emt 0:03:34]} 20. Ng4 {[%emt 0:04:15]} Bg7 {[%emt 0:01:23]} 21. Nfe5 {[%emt 0:02:14]} Qd6 {[%emt 0:04:03]} 22. Qd2 {[%emt 0:03:42]} Nf5 {[%emt 0:03:01]} 23. Qf4 {[%emt 0:03:41]} c5 {[%emt 0:02:27]} 24. dxc5 {[%emt 0:03:10]} bxc5 {[%emt 0:04:14]} 25. Rad1 {[%emt 0:02:38]} h5 {[%emt 0:03:17]} 26. Qf3 {[%emt 0:06:28]} Bxe5 {[%emt 0:04:33]} 27. Rxd5 {[%emt 0:05:34]} hxg4 {[%emt 0:02:54]} 28. hxg4 {[%emt 0:00:15]} Bh2+ {[%emt 0:02:25]} 29. Kf1 {[%emt 0:00:06]} Qa6+ {[%emt 0:01:40]} 30. Rd3 {[%emt 0:00:31]} Red8 {[%emt 0:01:07]} 31. Red1 {[%emt 0:00:15]} Rxd3 {[%emt 0:00:15]} 32. Rxd3 {[%emt 0:00:09]} Rd8 {[%emt 0:00:25]} 0-1

[Event "Kragero Resort International 2022"]
[Site "Kragero"]
[Date "2022.02.26"]
[Round "8.9"]
[White "Ochsner, Bjorn Moller"]
[Black "Ingebretsen, Jens E"]
[Result "1-0"]
[WhiteElo "2496"]
[BlackElo "2316"]
[Annotator "TA"]
[PlyCount "95"]
[EventDate "2022.02.23"]
[EventType "swiss"]
[EventCountry "NOR"]
[SourceTitle "playchess.com"]
[Source "ChessBase"]
[SourceQuality "1"]

{[%evp 15,95,0,0,0,0,0,0,0,0,0,15,0,0,0,0,0,16,21,24,18,18,17,16,2,0,0,29,22,45,44,65,64,64,64,64,56,64,64,64,64,71,50,63,45,57,33,102,100,101,100,183,96,106,101,131,132,145,112,139,151,192,200,267,269,366,362,443,406,433,421,463,499,473,467,698,698,769,710,2326,2310,2190,1706]} 1. e4 e5 2. Nf3 Nc6 3. Bc4 Bc5 4. c3 Nf6 5. d4 exd4 6. e5 d5 7. Bb5 Ne4 8. cxd4 Bb6 9. Be3 {C54: Giuoco Piano: 4 c3 Nf6, main lines with 5 d4 and 5 d3.} O-O 10. Nc3 Bg4 11. h3 {The position is equal.} Bh5 {[%cal Bg4h5,Bh5g6,Bg6d3][%mdl 32]} 12. Qc2 Bg6 {[#] ...Nxc3 is the strong threat. 12...Nxc3 is the hot move.} 13. Qb3 Ne7 14. O-O c6 15. Bd3 Nd2 16. Nxd2 Bxd3 17. Rfe1 Bg6 18. Na4 Nf5 19. Qc3 f6 20. Nxb6 Qxb6 21. Nf3 Nxe3 22. Rxe3 Be4 23. exf6 {[#]} Rxf6 $146 ({Predecessor:} 23... Bxf3 24. fxg7 Kxg7 25. Re7+ Kh8 26. gxf3 Rg8+ 27. Kh1 Rae8 28. Rae1 Rxe7 29. Rxe7 Rg7 {½-½ (46) Gavrilescu,D (2473)-Achour,M (2004) Chess.com INT 2020}) 24. Ne5 {aiming for Nd7.} Qc7 {To avoid Nd7} 25. Rae1 Raf8 26. f3 Bf5 27. b4 {[%cal Ob4b5]} Qd6 28. g4 Bc8 29. Kg2 Qd8 30. Qc5 Qd6 ({Black should try} 30... a6 $14) 31. Qxd6 $16 {White is much more active.} Rxd6 32. Kg3 Rdf6 {[#]} (32... g6 $16) 33. Nd3 (33. b5 $1 $18) 33... g5 {[%cal Of6f4]} 34. Kg2 Kg7 35. Re7+ R8f7 36. Rxf7+ Kxf7 {[%mdl 4096] Endgame KRB-KRN} 37. Kg3 b6 (37... h5 $16 38. Re5 (38. gxh5 Rh6 $16) 38... hxg4 39. hxg4 (39. fxg4 Rg6 $14) 39... Rg6) 38. Ne5+ Kg8 39. Rc1 Ba6 40. Rxc6 Rf4 41. a4 ({Weaker is} 41. Rc7 Rxd4 42. Rxa7 Be2 $18) 41... Bf1 42. Rc1 {White is clearly winning.} Bc4 43. Nxc4 dxc4 44. Rxc4 Kf7 (44... Rf8 $142 45. Rc7 Rd8 46. Rxa7 Rxd4) 45. b5 $18 h5 46. Rc7+ Kf6 47. gxh5 Rxd4 48. Rxa7 {Weighted Error Value: White=0.07 (flawless) /Black=0.27 (precise)} 1-0

[Event "Kragero Resort International 2022"]
[Site "Kragero"]
[Date "2022.02.26"]
[Round "8.10"]
[White "Kvaloy, Aksel Bu"]
[Black "Ostmoe, Geir Sune Tallaksen"]
[Result "0-1"]
[WhiteElo "2280"]
[BlackElo "2466"]
[Annotator "TA"]
[PlyCount "96"]
[EventDate "2022.02.23"]
[EventType "swiss"]
[EventCountry "NOR"]
[SourceTitle "playchess.com"]
[Source "ChessBase"]
[SourceQuality "1"]

{[%evp 9,96,10,14,7,15,7,56,57,54,41,49,38,35,48,49,47,60,0,23,0,0,0,0,0,0,0,0,0,0,-145,-156,-182,0,-47,-65,-287,-288,-288,-279,-270,-202,-190,-160,-181,-105,-107,-90,-190,-159,-163,-157,-170,-141,-133,0,-15,-14,-158,-150,-461,-452,-629,-616,-668,-680,-856,-783,-995,-951,-1520,-1465,-570,-4579,-12840,-12841,-12839,-12841,-12841,-12842,-12843,-12843,-12843,-12843,-12845,-12845,-29986,-12845,-12846,-12846]} 1. e4 c6 2. d4 d5 3. e5 Bf5 4. h4 h5 5. Bd3 Bxd3 6. Qxd3 {[%cal Oe5e6] B12: Caro-Kann: Advance Variation.} Qa5+ 7. Nd2 {[%cal Oe5e6,Bb1d2,Bd2f3,Bf3g5][%mdl 32]} Qa6 (7... e6 $1 $11) 8. e6 $14 {Black must now prevent exf7+. White is slightly better.} Qxd3 9. exf7+ Kxf7 10. cxd3 Nd7 11. Ndf3 {Prevents e5.} Nh6 12. Nh3 Re8 {[#]} 13. Nf4 $146 (13. Nhg5+ $14 Kf6 14. Bf4) ({Predecessor:} 13. Nhg5+ Kg8 14. Ne6 g6 15. Bf4 Bg7 16. Nxg7 Kxg7 17. O-O Nf5 18. Rfe1 Rhf8 19. Bd2 {½-½ (44) Kobo,O (2482)-Deutsch,E (2338) Israel 2021}) 13... g6 14. O-O e5 15. dxe5 Nxe5 16. Ng5+ Kf6 $1 17. Bd2 Nf5 18. Rae1 {[%cal Od3d4]} Bh6 {[%cal Bf8h6,Bh6g5,Bg5f4][%mdl 32]} 19. Re2 (19. Bc3 $2 d4 20. Bd2 (20. Ne4+ $2 Kg7 $19) 20... Nxh4 21. Ne4+ Kg7 $19) (19. g3 $1 $11) 19... Nxh4 $17 20. Nfh3 Nxd3 {Active counter play!} ({Weaker is} 20... Nef3+ 21. Nxf3 Nxf3+ 22. gxf3 $14) (20... Nf5 $1 $19 21. Rfe1 Nd4 22. Rxe5 Rxe5 23. Rxe5 Kxe5 24. Nf7+ Kf6 25. Nxh6 Kg7) 21. Bc3+ (21. Re3 $1 $11 {deserves consideration.} Bxg5 22. Rxe8 Rxe8 23. Bxg5+ Kf5 24. Bxh4) 21... Kf5 $15 22. Rd2 (22. Re3 $1 $15 Bxg5 23. Nxg5) 22... Nf4 $1 $19 ({Inferior is} 22... Bxg5 23. Rxd3 Bf6 24. g3 $17) 23. Nxf4 Bxg5 24. Bxh8 Bxf4 25. Rd3 Rxh8 26. g3 {[#]} Re8 {Inhibits Re1.} 27. gxh4 $17 {[%mdl 4096] Endgame KRR-KRB} Re2 28. Rf3 (28. Rb1 $17) 28... Rxb2 29. Re1 Rxa2 30. Re7 Kg4 31. Kg2 Ra4 ({Better is} 31... Ra1 $1 $17 {[%cal Ra1g1] And now ...Rg1+! would win.} 32. Rxb7 Rg1+ $3 {[%mdl 512]} 33. Kxg1 Kxf3 34. Rxa7 c5) 32. Rf7 $11 g5 {[%cal Bg6g5,Bg5h4][%mdl 32]} 33. Rh3 {Black keeps a firm grip on the game.} (33. hxg5 $11 Kxg5 34. Rxb7) 33... gxh4 $17 34. Rb3 $2 {Prevents Rb4.} (34. Rxb7 $17 {is tougher.} a5 35. Rg7+ Bg5 36. Rc3) 34... b5 $19 {[%cal Bb7b5,Bb5b4][%mdl 32]} 35. Rc3 Rc4 36. Ra3 a5 {[%cal Ba7a5,Ba5a4,Ba4a3][%mdl 32] ...b4 is the strong threat.} 37. Rf3 a4 {Hoping for ...b4.} 38. Rh3 b4 39. Rh1 a3 {Strongly threatening ...b3.} 40. f3+ Kg5 41. Kh3 Rc1 42. Rxc1 Bxc1 {KR-KB} 43. f4+ Bxf4 {( -> ...a2)} 44. Ra7 Bc1 45. Rg7+ Kf5 46. Rg1 Bb2 47. Rf1+ Ke5 (47... Kg5 $142 48. Rg1+ Kf4 49. Kxh4 a2 50. Rf1+ Ke4 51. Kg5 b3 52. Re1+ Kd3 53. Rg1 a1=Q 54. Rg3+ Kc4 55. Kh6 Bc1+ 56. Kg6 b2 57. Kxh5 b1=Q 58. Rg4+ d4 59. Kh4 Qh7+ 60. Kg3 {[#]} Bf4+ $1 {[%mdl 512]} 61. Kxf4 Qf1+ 62. Kg5 Qff5#) 48. Re1+ Kd6 {Weighted Error Value: White=0.65/Black=0.22 (precise)} 0-1

[Event "Kragero Resort International 2022"]
[Site "Kragero"]
[Date "2022.02.26"]
[Round "8.11"]
[White "Injac, Teodora"]
[Black "Thorhallsson, Simon"]
[Result "1/2-1/2"]
[WhiteElo "2407"]
[BlackElo "2245"]
[Annotator "NA"]
[PlyCount "52"]
[EventDate "2022.02.23"]
[EventType "swiss"]
[EventCountry "NOR"]
[SourceTitle "playchess.com"]
[Source "ChessBase"]
[SourceQuality "1"]
[TimeControl "5400+30"]

1. d4 {[%emt 0:05:06]} Nf6 {[%emt 0:00:09]} 2. c4 {[%emt 0:00:18]} g6 {[%emt 0:00:04]} 3. Nf3 {[%emt 0:00:32]} Bg7 {[%emt 0:00:06]} 4. g3 {[%emt 0:00:27]} O-O {[%emt 0:01:08]} 5. Bg2 {[%emt 0:00:05]} d6 {[%emt 0:00:17]} 6. O-O {[%emt 0:00:43]} c5 {[%emt 0:01:07]} 7. Nc3 {[%emt 0:00:41]} Nc6 {[%emt 0:00:14]} 8. dxc5 {[%emt 0:01:37]} dxc5 {[%emt 0:00:08]} 9. Be3 {[%emt 0:00:12]} b6 {[%emt 0:06:34]} 10. Ne5 {[%emt 0:05:29]} Nxe5 {[%emt 0:00:35]} 11. Qxd8 {[%emt 0:08:54]} Rxd8 {[%emt 0:00:08]} 12. Bxa8 {[%emt 0:00:03]} Be6 {[%emt 0:02:32]} 13. Bb7 {[%emt 0:18:12]} Nxc4 {[%emt 0:01:55]} 14. Bc1 {[%emt 0:00:23]} Ne8 {[%emt 0:11:19]} 15. Rd1 {[%emt 0:05:38]} Rxd1+ {[%emt 0:02:32]} 16. Nxd1 {[%emt 0:00:02]} Ned6 {[%emt 0:02:17]} 17. Bf3 {[%emt 0:08:37]} b5 {[%emt 0:18:04]} 18. Nc3 {[%emt 0:06:24]} Bxc3 {[%emt 0:03:51]} 19. bxc3 {[%emt 0:00:23]} b4 {[%emt 0:01:10]} 20. cxb4 {[%emt 0:06:56]} cxb4 {[%emt 0:00:06]} 21. Bc6 {[%emt 0:01:44]} a5 {[%emt 0:01:05]} 22. Bf4 {[%emt 0:05:02]} Nb6 {[%emt 0:06:04]} 23. Be3 {[%emt 0:02:12]} Nbc4 {[%emt 0:08:34]} 24. Bf4 {[%emt 0:03:30]} Nb6 {[%emt 0:08:09]} 25. Be3 {[%emt 0:00:07]} Nbc4 {[%emt 0:02:50]} 26. Bf4 {[%emt 0:02:44]} Nb6 {[%emt 0:00:15]} 1/2-1/2

[Event "Kragero Resort International 2022"]
[Site "Kragero"]
[Date "2022.02.26"]
[Round "8.12"]
[White "Nikolic, Vladan"]
[Black "Sagafos, Magne"]
[Result "0-1"]
[WhiteElo "2218"]
[BlackElo "2386"]
[Annotator "NA"]
[PlyCount "80"]
[EventDate "2022.02.23"]
[EventType "swiss"]
[EventCountry "NOR"]
[SourceTitle "playchess.com"]
[Source "ChessBase"]
[SourceQuality "1"]
[TimeControl "5400+30"]

1. d4 {[%emt 0:00:03]} Nf6 {[%emt 0:02:24]} 2. c4 {[%emt 0:00:06]} g6 {[%emt 0:00:05]} 3. g3 {[%emt 0:00:13]} Bg7 {[%emt 0:00:09]} 4. Bg2 {[%emt 0:00:05]} O-O {[%emt 0:00:14]} 5. Nc3 {[%emt 0:00:06]} d6 {[%emt 0:00:08]} 6. Nf3 {[%emt 0:00:09]} Nc6 {[%emt 0:00:18]} 7. O-O {[%emt 0:00:15]} a6 {[%emt 0:00:08]} 8. b3 {[%emt 0:00:46]} Rb8 {[%emt 0:04:22]} 9. d5 {[%emt 0:01:43]} Na5 {[%emt 0:01:38]} 10. Bg5 {[%emt 0:02:05]} c5 {[%emt 0:07:40]} 11. dxc6 {[%emt 0:02:24]} bxc6 {[%emt 0:06:13]} 12. Rc1 {[%emt 0:04:53]} c5 {[%emt 0:15:28]} 13. Qd2 {[%emt 0:07:56]} Nc6 {[%emt 0:13:00]} 14. Ne1 {[%emt 0:03:35]} Nd4 {[%emt 0:04:32]} 15. Nc2 {[%emt 0:01:45]} Ne6 {[%emt 0:03:20]} 16. Bh6 {[%emt 0:02:26]} Bxh6 {[%emt 0:02:03]} 17. Qxh6 {[%emt 0:00:08]} Bd7 {[%emt 0:06:12]} 18. Ne4 {[%emt 0:10:30]} Nxe4 {[%emt 0:01:35]} 19. Bxe4 {[%emt 0:00:14]} Qa5 {[%emt 0:00:41]} 20. Ra1 {[%emt 0:12:11]} Qc3 {[%emt 0:02:16]} 21. Ne3 {[%emt 0:00:43]} Qe5 {[%emt 0:05:27]} 22. Bf3 {[%emt 0:07:14]} Nd4 {[%emt 0:02:08]} 23. Rad1 {[%emt 0:04:21]} a5 {[%emt 0:04:35]} 24. Rd3 {[%emt 0:01:14]} a4 {[%emt 0:06:48]} 25. bxa4 {[%emt 0:00:16]} Rb2 {[%emt 0:03:07]} 26. Nd5 {[%emt 0:02:23]} Nf5 {[%emt 0:03:26]} 27. Qc1 {[%emt 0:01:05]} e6 {[%emt 0:02:48]} 28. Ne3 {[%emt 0:08:03]} Nd4 {[%emt 0:00:05]} 29. Ng4 {[%emt 0:00:24]} Qg7 {[%emt 0:00:14]} 30. Ra3 {[%emt 0:06:58]} Rxe2 {[%emt 0:00:12]} 31. Qd1 {[%emt 0:03:04]} Rb2 {[%emt 0:01:51]} 32. a5 {[%emt 0:00:27]} h5 {[%emt 0:00:26]} 33. Ne3 {[%emt 0:00:22]} Rd2 {[%emt 0:00:03]} 34. Bg2 {[%emt 0:01:43]} Rxd1 {[%emt 0:00:09]} 35. Rxd1 {[%emt 0:00:05]} Bc6 {[%emt 0:00:57]} 36. a6 {[%emt 0:01:15]} Ne2+ {[%emt 0:00:22]} 37. Kf1 {[%emt 0:00:25]} Bxg2+ {[%emt 0:00:08]} 38. Kxg2 {[%emt 0:00:09]} Qb2 {[%emt 0:00:12]} 39. Rdd3 {[%emt 0:00:31]} Nd4 {[%emt 0:00:42]} 40. a7 {[%emt 0:00:08]} Qb7+ {[%emt 0:00:08]} 0-1